000 00424cam a2200169ua 4500
003 OSt
005 20260221112913.0
008 260221b |||||||| |||| 00| 0 eng d
041 _aeng
082 _a692.5
_bDUT/ES
100 _aDutta, B.N .
_97882
245 _aEstimating and costing : In civil engineering /
250 _a6 /
260 _aLucknow :
_bS.Dutta and company ,
_c1965.
300 _a668 ; .
942 _cBK
999 _c2290
_d2290